Normal view MARC view
  • Eide, Arvid. R, Jenison, Roland. D, Mashaw, Lane. H

Entry Personal Name

Number of records used in: 1

001 - CONTROL NUMBER

  • control field: 63513

003 - CONTROL NUMBER IDENTIFIER

  • control field: NUST

005 - DATE AND TIME OF LATEST TRANSACTION

  • control field: 20210628203130.0

008 - FIXED-LENGTH DATA ELEMENTS

  • fixed length control field: 210628|| aca||aabn | a|a d

040 ## - CATALOGING SOURCE

  • Original cataloging agency: NUST
  • Transcribing agency: NUST

100 ## - HEADING--PERSONAL NAME

  • Personal name: Eide, Arvid. R, Jenison, Roland. D, Mashaw, Lane. H

670 ## - SOURCE DATA FOUND

  • Source citation: Work cat.: (NUST): Eide, Arvid. R, Jenison, Roland. D, Mashaw, Lane. H, Engineering fundamentals and problems solving, 2002
© 2023 Central Library, National University of Sciences and Technology. All Rights Reserved.